000 00546nam a2200193Ia 4500
001 16797
005 20260416171837.0
008 260306t2017||||xx |||||||||||||| ||und||
041 _aESP
082 _a657
_bN69
100 _aNobles, Tracie
_eAUT
245 0 _aContabilidad de Horngren
260 _c2017
300 _axxiii, 923 páginas :
_c27 cm.
650 _aGEN
654 _aCCO
856 _uhttps://itmsp.museknowledge.com/UCSP?url=https://www.ebooks7-24.com:443/?il=4625&pg=1
_zVersión digital (2016)
942 _cLIB
_dJUS
_fJUS
_2ddc
999 _c16797
_d16797